000 00806cab a2200205 4500
001 X90934
008 090401t1998 xxu||||| |||| 00| 0 eng d
035 _a(Sirsi) u85400
041 _aeng
245 _aAgecrest v Gwynedd CC
260 _c1998
350 _a0
490 _aJournal of Planning and Environment Law
_v[1998] JPL 325-335(11)
520 _aQBD 27 June 1996. Planning permission-validity-material operation-intention to develop need not be immediate-commencement in apparent breach of conditions was lawful-no prejudice to purpose of conditions-authority`s discretion to deal with conditions and details. (Taken from headnote).
650 _aBREACH OF CONDITION
650 _aPLANNING PERMISSION
690 _aPLANNING LAW AND PRACTICE-CASE LAW
942 _n0
948 _c02/04/1998
999 _c53702
_d53702